000 00999cam a2200337 a 4500
001 123332
005 20230410143546.0
008 900604s1993 nyua 001 0 eng d
035 _9(DLC) 90061899
035 _a1999897
942 _2lcc
_cbk
010 _a 90061899
020 _a0883940817
035 _a(OCoLC)22834929
040 _aVCQ
_cVCQ
_dDGU
_dOCoLC
_dDLC
042 _alccopycat
043 _an-us---
050 1 4 _aTF 23
_bB414t 1993
082 0 0 _a385.0973
100 1 _aBeebe, Lucius Morris,
_d1902-1966.
245 1 4 _aThe trains we rode /
_cLucius Beebe & Charles Clegg.
260 _aNew York :
_bPromontory Press,
_c1993.
300 _a976 p. :
_bill. ;
_c29 cm.
500 _aIncludes index.
650 0 _aRailroads
_zUnited States
_xHistory.
650 0 _aRailroads
_zUnited States
_xPictorial works.
650 4 _aFerrocarriles
_xHistoria
_zEstados Unidos.
650 4 _aFerrocarriles
_zEstados Unidos.
700 1 _aClegg, Charles,
_d1916-1979.
922 _aco
999 _c103896
_d103896